000 00561cam a2200217ua 4500
001 3434
005 20260515113658.0
008 150730n ii |||gr||||Z||||||asm
020 _a81-7339-188-2
040 _cMAIN
041 _aasm
082 _a809
100 _aBezbora, Nirajana Mahanta,
_eAuthor.
245 _aTulanamulak bharatiya sahitya
_cby Nirajana Mahanta Bezbora
250 _a1st.
260 _aDibrugarh:
_bBanalata,999.
300 _a142p:
_c23cm.
653 _aAssamese literature
653 _aTulanamulak bharatiya sahitya
942 _cBK
999 _c3275
_d3275